00926nam a2200241 u 450000100070000000500170000700700100002400800410003403500110007504000130008604100080009910000490010724501140015626000730027030000130034365000270035665000270038365000480041070000410045870000380049970000280053777301190056598326220240201203539.0co|||||||060711s2004 spa  a983262 ccomduadb aspa10aSánchez Jiménez, Miryan Margot4auteaut10aEvaluacion de una PCR multiple para la identificacion de salmonella serovar enteritidis y serovar typhimurium aMedellín :bUniversidad de Antioquia. Facultad de Medicina,c2004. a1 CD-ROM aSalmonella enteritidis aSalmonella typhimurium aPCR (Reacción en cadena de la polimerasa)10aCardona Castro, Nora Maria4auteaut10aCanu, Nunzia Alessandra4auteaut10aUzzau, Sergio4auteaut0 tTópicos selectos de infectología 2004 : enfermedades infecciosas de impacto en salud públicaw9815670390620